Normal view
MARC view
- Composites
Entry Topical Term
001 - CONTROL NUMBER
- control field: 47226
003 - CONTROL NUMBER IDENTIFIER
- control field: NUST
005 - DATE AND TIME OF LATEST TRANSACTION
- control field: 20210314133746.0
008 - FIXED-LENGTH DATA ELEMENTS
- fixed length control field: 210314|| aca||aabn | a|a d
040 ## - CATALOGING SOURCE
- Original cataloging agency: NUST
- Transcribing agency: NUST
150 ## - HEADING--TOPICAL TERM
- Topical term or geographic name entry element: Composites
670 ## - SOURCE DATA FOUND
- Source citation: Work cat.: (NUST): American Society for Composites. 47225, Proceedings of the American Society for Composites ... Technical Conference., 1993
